Score 0/11 Timer 03:00
7 Plays Today
Rating Country % Correct
AAAGermany
93.6%
AAACanada
91.2%
AAASweden
86.7%
AAANorway
84.7%
AAASwitzerland
80.3%
AAAAustralia
78.8%
AAADenmark
75.7%
AAALuxembourg
57.7%
AAALiechtenstein
43.2%
AAANetherlands
37.5%
AAASingapore
34%
Remove Ads.
Support Sporcle.
Get the best of Sporcle when you Go Orange. This ad-free experience offers more features, more stats, and more fun while also helping to support Sporcle. Thank you for becoming a member.

You're not logged in!

Compare scores with friends on all Sporcle quizzes.
OR
Log In

Sporcle TV

Today on Sporcle TV


Watch our educational content, quiz creation guides, and fun videos on Sporcle TV.

Show Comments

Extras

Top Quizzes Today


Score Distribution

Paid Content

Your Account Isn't Verified!

In order to create a playlist on Sporcle, you need to verify the email address you used during registration. Go to your Sporcle Settings to finish the process.

Report this User

Report this user for behavior that violates our Community Guidelines.

Details: